| 000 | 00390 a2200109 4500 | ||
|---|---|---|---|
| 001 | ART_10693 | ||
| 005 | 20260410161831.0 | ||
| 008 | 260409a | ||
| 245 | 1 | 0 | _a¿Terrorismo versus capitalismo?. Consecuencias para Argentina y países hispanos seleccionados |
| 100 | 1 | _aColomé, Rinaldo A. | |
| 773 | 0 |
_tActualidad Económica _g- Año XV, Nº 56 (ene./jul. 2005) _wREV5083 |
|
| 999 |
_c23206 _d23206 |
||